Services profiles 2013.
| Format: | Book |
|---|---|
| Published: |
Geneva:
World Trade Organisation (WTO),
2013.
|
| Subjects: |
| LEADER | 00466cam a2200145 7i4500 | ||
|---|---|---|---|
| 001 | 0000032390 | ||
| 005 | 20150811090000.0 | ||
| 020 | 0 | 0 | |a 9789287038951 |
| 090 | 0 | 0 | |a I 338.47005 |b SER |
| 245 | 0 | 0 | |a Services profiles 2013. |
| 260 | 0 | 0 | |a Geneva: |b World Trade Organisation (WTO), |c 2013. |
| 300 | # | # | |a 148 pages. |
| 650 | 0 | 0 | |a Services industries -- |x Statistics |
| 650 | 0 | 0 | |a Infrastructure (Economics) -- |x Statistics |
| 999 | |a B000036172 |b Book |c International |e Business Information Centre | ||


